Book-Keeping& Accountancy (Record no. 15872)

MARC details
000 -LEADER
fixed length control field 00425nam a22001577a 4500
008 - FIXED-LENGTH DATA ELEMENTS--GENERAL INFORMATION
fixed length control field 250809b |||||||| |||| 00| 0 eng d
020 ## - INTERNATIONAL STANDARD BOOK NUMBER
International Standard Book Number 978-81-272-6155-9
Price 385
040 ## - CATALOGING SOURCE
Original Cataloguing agency Sibsagar Commerce College Central Library
082 ## - DEWEY DECIMAL CLASSIFICATION NUMBER
Classification number 650
Book Number JUN
100 ## - MAIN ENTRY--PERSONAL NAME
Personal name Juneja,C.Mohan
Fuller form of name Arora,J.S.
245 ## - TITLE STATEMENT
Title Book-Keeping& Accountancy
Statement of responsibility, etc. By C.M. Juneja
250 ## - EDITION STATEMENT
Edition statement 9th Ed.
260 ## - PUBLICATION, DISTRIBUTION, ETC.
Place of publication, distribution, etc. Ludhiana:
Name of publisher, distributor, etc. Kalyani Publishers;
Date of publication, distribution, etc. 2010.
942 ## - ADDED ENTRY ELEMENTS (KOHA)
Source of classification or shelving scheme Dewey Decimal Classification
Koha item type Books

No items available.



Sibsagar Commerce College © 2020. All rights reserved.
Powered by Koha.
Hosted by LIBKART.